Alice in Chains Albums - Statistics

General Stats
  • This quiz has been taken 263 times
  • The average score is 7 of 8
Answer Stats
Hint Answer % Correct
1992 Dirt (LP)
98%
1990 Facelift (LP)
98%
1995 Alice in Chains (LP)
94%
1994 Jar of Flies (EP)
93%
1992 Sap (EP)
78%
2009 Black Gives Way To Blue (LP)
72%
2013 The Devil Put Dinosaurs Here (LP)
70%
1990 We Die Young (EP)
50%
No matching quizzes found
Score Distribution
Percent of People with Each Score
Percentile by Number Answered
Your Score History
You have not taken this quiz